Tài liệu bồi dưỡng về quản lý hành chính nhà nước chương trình chuyên viên
Kaydedildi:
| Yazar: | |
|---|---|
| Materyal Türü: | Kitap |
| Dil: | Undetermined |
| Baskı/Yayın Bilgisi: |
Học viện QGHC
2001
|
| Konular: | |
| Etiketler: |
Etiketle
Etiket eklenmemiş, İlk siz ekleyin!
|
| Thư viện lưu trữ: | Trung tâm Học liệu Trường Đại học Cần Thơ |
|---|
| LEADER | 00536nam a2200157Ia 4500 | ||
|---|---|---|---|
| 001 | CTU_54951 | ||
| 008 | 210402s9999 xx 000 0 und d | ||
| 082 | |a 351.597 | ||
| 082 | |b H419/P3 | ||
| 100 | |a Học viện QGHC | ||
| 245 | 0 | |a Tài liệu bồi dưỡng về quản lý hành chính nhà nước chương trình chuyên viên | |
| 245 | 0 | |c Học viện QGHC | |
| 260 | |b Học viện QGHC | ||
| 260 | |c 2001 | ||
| 650 | |a public administration | ||
| 980 | |a Trung tâm Học liệu Trường Đại học Cần Thơ | ||